| 000 | 00494nam a22001697a 4500 | ||
|---|---|---|---|
| 008 | 230609b |||||||| |||| 00| 0 eng d | ||
| 020 | _a0-444-00722-9 | ||
| 040 |
_aNational Science Library _cNational Science Library |
||
| 080 |
_a62:001.1/.2:65 _bM3 |
||
| 245 | _aTechnological forecasting for decision making | ||
| 250 | _a2nd ed. | ||
| 260 |
_aNew York: _bNorth-Holland, _c1983 |
||
| 300 | _axii, 385p. | ||
| 650 | _aScience | ||
| 700 | _aMartino, Joseph P (Ed.) | ||
| 942 |
_2udc _cBK |
||
| 999 |
_c41462 _d41462 |
||